00494nam a22001457a 450000500170000000800410001702000150005804100120007308200150008510000120010024501290011226000540024130000280029565000250032320241203132910.0241203b |||||||| |||| 00| 0 eng d a0409012173 aEnglish a340.1 INT  lEnglish aIntroduction to Legal Pluralism in South Africa Part II :bReligious Legal Systems /cedited by C Rautenbach and NMI Goolam aDurban:bButterworth Publishers (Pty) Ltd, c2002 bxiii,151 pages;c24 cm. aLegal practice bLaw